[Event "16. Torneo San Viator"]
[Site "Madrid ESP"]
[Date "2016.05.15"]
[Round "6.26"]
[White "Blanco Diez, David"]
[Black "De Vicente Guijarro, Juan"]
[Result "1/2-1/2"]
[WhiteElo "1819"]
[BlackElo "1761"]
[PlyCount "94"]
[EventDate "2016.04.03"]
[EventType "swiss"]
[EventRounds "9"]
[EventCountry "ESP"]
[Source "lmi"]
[SourceDate "2016.04.03"]

1. d4 Nf6 2. c4 g6 3. Nc3 Bg7 4. e4 d6 5. f3 O-O 6. Be3 c5 7. Nge2 cxd4 8. Nxd4
Nc6 9. Be2 Nxd4 10. Bxd4 Be6 11. O-O Nd7 12. Bxg7 Kxg7 13. Qd4+ Kg8 14. Nd5
Bxd5 15. cxd5 Qb6 16. Qxb6 Nxb6 17. Rac1 Rac8 18. b3 a6 19. a4 a5 20. Bb5 Kg7
21. Rfe1 Rxc1 22. Rxc1 Rc8 23. Rxc8 Nxc8 24. Kf2 Kf6 25. Ke3 e6 26. Kd4 Nb6 27.
g3 exd5 28. exd5 Kg5 29. h3 f5 30. f4+ Kf6 31. Be2 h6 32. Bf3 Ke7 33. Kc3 Kf6
34. b4 axb4+ 35. Kxb4 Nd7 36. Kb5 Nc5 37. a5 Ke7 38. Kb6 Kd8 39. g4 Kc8 40.
gxf5 gxf5 41. Bd1 Nd7+ 42. Kb5 Kc7 43. Bc2 Nf6 44. Kc4 Nh5 45. Bxf5 Nxf4 46.
Kd4 Nh5 47. Ke3 Ng7 1/2-1/2

[Event "16. Torneo San Viator"]
[Site "Madrid ESP"]
[Date "2016.05.15"]
[Round "6.27"]
[White "Campos Tores, Jose Luis"]
[Black "Munoz Cebey, Ricardo"]
[Result "1/2-1/2"]
[WhiteElo "1813"]
[BlackElo "1751"]
[PlyCount "94"]
[EventDate "2016.04.03"]
[EventType "swiss"]
[EventRounds "9"]
[EventCountry "ESP"]
[Source "lmi"]
[SourceDate "2016.04.03"]

1. f4 d5 2. Nf3 Nf6 3. e3 g6 4. Be2 Bg7 5. O-O O-O 6. d3 c5 7. Qe1 Nc6 8. Nc3
d4 9. Ne4 Nxe4 10. dxe4 e5 11. Qg3 dxe3 12. fxe5 Qe7 13. Bxe3 Nxe5 14. Nxe5
Bxe5 15. Qf2 b6 16. c3 Be6 17. a4 Qc7 18. Qh4 Rad8 19. Bg5 Rc8 20. Bb5 Ra8 21.
Be2 c4 22. Rad1 Qc6 23. Ra1 Rfe8 24. Bf3 Bd7 25. Kh1 f6 26. Bh6 a6 27. Be3 a5
28. Qf2 Rab8 29. Bd4 Qc7 30. Be2 Rf8 31. Qe3 Kg7 32. Bxe5 fxe5 33. Qg5 Be6 34.
Rxf8 Rxf8 35. Bf3 Rd8 36. Rf1 Rf8 37. Rd1 h6 38. Qg3 Kh7 39. h3 Kg7 40. Rd2 Kh7
41. Kh2 Kg7 42. Bg4 Rf6 43. Bxe6 Rxe6 44. Rd5 Kh7 45. Qg4 Re7 46. Qd1 Qc6 47.
Kh1 Kg7 1/2-1/2

[Event "16. Torneo San Viator"]
[Site "Madrid ESP"]
[Date "2016.05.15"]
[Round "6.28"]
[White "Rendo Quindos, Pedro"]
[Black "Recuenco Andres, Javier"]
[Result "1-0"]
[WhiteElo "1572"]
[BlackElo "1944"]
[PlyCount "70"]
[EventDate "2016.04.03"]
[EventType "swiss"]
[EventRounds "9"]
[EventCountry "ESP"]
[Source "lmi"]
[SourceDate "2016.04.03"]

1. d4 d6 2. c4 e5 3. dxe5 dxe5 4. Qxd8+ Kxd8 5. e4 Be6 6. Nf3 f6 7. Nc3 c6 8.
a3 a5 9. Be3 Kc7 10. Be2 Nd7 11. O-O Nh6 12. h3 Nf7 13. Rfd1 g5 14. Nh2 h5 15.
f3 Bc5 16. Rxd7+ Bxd7 17. Bxc5 f5 18. Na4 Rag8 19. Rd1 fxe4 20. Bb6+ Kc8 21.
fxe4 Rg6 22. Bc5 Be6 23. Nb6+ Kc7 24. Na4 b5 25. Bb6+ Kc8 26. Nc5 Bxc4 27. Bxc4
bxc4 28. Rd7 Rd6 29. Rxf7 Rd1+ 30. Nf1 c3 31. Rc7+ Kd8 32. bxc3 Rxf1+ 33. Kxf1
Rf8+ 34. Rf7+ Ke8 35. Rxf8+ Kxf8 1-0

[Event "16. Torneo San Viator"]
[Site "Madrid ESP"]
[Date "2016.05.15"]
[Round "6.30"]
[White "Jimenez Gonzalez, Marcos"]
[Black "Garcia Seijas, Adrian"]
[Result "1-0"]
[WhiteElo "1788"]
[BlackElo "1673"]
[PlyCount "79"]
[EventDate "2016.04.03"]
[EventType "swiss"]
[EventRounds "9"]
[EventCountry "ESP"]
[Source "lmi"]
[SourceDate "2016.04.03"]

1. c4 c5 2. g3 g6 3. Nc3 Nc6 4. Bg2 Bg7 5. Nf3 d6 6. O-O Nf6 7. d4 cxd4 8. Nxd4
Bd7 9. Nxc6 Bxc6 10. Nd5 O-O 11. Bg5 Bxd5 12. cxd5 Nd7 13. Qd2 Re8 14. Rac1 Qb6
15. b3 Ne5 16. Rc2 f5 17. Be3 Qb5 18. h3 Rec8 19. Rfc1 Qd7 20. Rxc8+ Rxc8 21.
Rxc8+ Qxc8 22. Bxa7 Qc7 23. Be3 Kf7 24. a4 Qd7 25. f4 Nc4 26. bxc4 Qxa4 27. Qc1
Qb3 28. Kf2 Bc3 29. Bf3 Qxc4 30. Qb1 b5 31. Qd3 Qb3 32. g4 fxg4 33. hxg4 b4 34.
f5 Qb2 35. fxg6+ hxg6 36. Be4 Ke8 37. Bxg6+ Kd8 38. Bb6+ Kc8 39. Qa6+ Kd7 40.
Qb7# 1-0

[Event "16. Torneo San Viator"]
[Site "Madrid ESP"]
[Date "2016.05.15"]
[Round "6.31"]
[White "Sanchez Gomez, Emiliano"]
[Black "Blasco Gallardo, Francisco"]
[Result "1-0"]
[WhiteElo "1800"]
[BlackElo "1421"]
[PlyCount "57"]
[EventDate "2016.04.03"]
[EventType "swiss"]
[EventRounds "9"]
[EventCountry "ESP"]
[Source "lmi"]
[SourceDate "2016.04.03"]

1. e4 g6 2. d4 Bg7 3. Nf3 d6 4. h3 Nf6 5. Nc3 a6 6. a4 Nbd7 7. Be2 b6 8. e5
dxe5 9. dxe5 Ng8 10. e6 fxe6 11. Ng5 Ne5 12. Qxd8+ Kxd8 13. f4 h6 14. fxe5 hxg5
15. Bxg5 Bxe5 16. O-O-O+ Ke8 17. Bf3 Rb8 18. Bc6+ Kf7 19. Rd8 Nh6 20. Rxh8 Bxh8
21. Bxh6 Bb7 22. Rf1+ Bf6 23. Bxb7 Rxb7 24. g4 Ke8 25. Ne4 Be5 26. Rf8+ Kd7 27.
Rg8 a5 28. Rxg6 b5 29. Nc5+ 1-0

[Event "16. Torneo San Viator"]
[Site "Madrid ESP"]
[Date "2016.05.15"]
[Round "6.32"]
[White "Ramirez De La Piscina G, Juan"]
[Black "Vicente Valentin, David"]
[Result "1-0"]
[WhiteElo "1656"]
[BlackElo "1399"]
[PlyCount "97"]
[EventDate "2016.04.03"]
[EventType "swiss"]
[EventRounds "9"]
[EventCountry "ESP"]
[Source "lmi"]
[SourceDate "2016.04.03"]

1. d4 Nf6 2. e3 g6 3. Bd3 Bg7 4. f4 e6 5. Nf3 d5 6. Nbd2 Nc6 7. c3 O-O 8. O-O
Ne7 9. Ne5 Nf5 10. Qf3 Nd7 11. Bxf5 Nxe5 12. fxe5 exf5 13. b3 Be6 14. c4 f6 15.
Bb2 c5 16. Qf2 Qc7 17. cxd5 Bxd5 18. Rac1 b6 19. exf6 Bxf6 20. Nf3 Qd6 21. dxc5
bxc5 22. Bxf6 Rxf6 23. Rfd1 Rc8 24. Qh4 Qe6 25. Rc3 Bxf3 26. gxf3 Qe5 27. Rd7
h5 28. Qc4+ Qe6 29. Qxe6+ Rxe6 30. Rxa7 Rd6 31. Rc2 Rd3 32. Kf2 Rd1 33. Kg3
Rg1+ 34. Kf2 Rd1 35. Kg3 Rg1+ 36. Kf2 Rh1 37. Kg3 Rg1+ 38. Kf4 g5+ 39. Kxf5
Rf8+ 40. Kg6 Re1 41. Rxc5 Rxe3 42. Kxh5 Rexf3 43. Rxg5+ Kh8 44. h4 Rh3 45. Ra6
Rf7 46. Rh6+ Rh7 47. Rxh7+ Kxh7 48. Rb5 Rh2 49. a4 1-0